ბათუმის შოთა რუსთაველის სახელმწიფო უნივერსიტეტის ბიბლიოთეკა

თანამედროვე დემოკრატიის უფლება / (ბიბ.ჩანაწერი № 57650)

000 -ლიდერი
ფიქსირებული სიგრძის საკონტროლო ველი 01316nam a22002297a 4500
003 - საკონტროლო ნომრის იდენტიფიკატორი
საკონტროლო ველი Ge_BSU
005 - ბოლო ოპერაციის თარიღი და დრო
საკონტროლო ველი 20200825133548.0
008 - ფიქსირებული სიგრძის მონაცემთა ელემენტები - ზოგადი ინფორმაცია
ფიქსირებული სიგრძის საკონტროლო ველი 200825s2016 ge ||||| |||| 00| 0 geo d
020 ## - წიგნის საერთაშორისო სტანდარტული ნომერი
International Standard Book Number 9789941088315
041 ## - ენის კოდი
Language code of text/sound track or separate title geo
080 ## - უნივერსალური ათობითი კლასიფიკაციის ინდექსი
Universal Decimal Classification number 321.7 ჰ-37
100 ## - მთავარი ჩანაწერი - პიროვნების სახელი
Personal name ჰაჩეკი, იულიუს.
9 (RLIN) 9325
245 ## - ცნობა სათაურის შესახებ
Title თანამედროვე დემოკრატიის უფლება /
Statement of responsibility, etc იულიუს ჰაჩეკი ; მთარგმნელი ვ. მოძველი ; სამეცნიერო რედაქტორები: ზვიად კორძაძე, თორნიკე ნემსწვერიძე.
264 ## - წარმოების, გამოცემის, დისტრიბუციის და სხვა ცნობები
გამოცემის, წარმოების, დისტრიბუციის... ადგილი თბილისი :
გამოცემის, წარმოების, დისტრიბუციის... სახელწოდება ზვიად კორძაძის გამ-ბა,
გამოცემის, წარმოების, დისტრიბუციის... თარიღი 2016.
300 ## - ფიზიკური აღწერა
Extent 148 გვ. ;
Other physical details 20 სმ.
500 ## - ზოგადი შენიშვნა
General note გარეკანი ქართ. და გერმ. ენ.
653 ## - INDEX TERM--UNCONTROLLED
Uncontrolled term დემოკრატია.
700 ## - ADDED ENTRY--PERSONAL NAME
Personal name მოძველი, ვ.
Relator term მთარგმნელი
9 (RLIN) 9326
700 ## - ADDED ENTRY--PERSONAL NAME
Personal name კორძაძე, ზვიად
Relator term სამეცნიერო რედაქტორი
9 (RLIN) 9327
700 ## - ADDED ENTRY--PERSONAL NAME
Personal name ნემსწვერიძე, თორნიკე
Relator term სამეცნიერო რედაქტორი
9 (RLIN) 9328
942 ## - ADDED ENTRY ELEMENTS (KOHA)
Source of classification or shelving scheme
Koha item type წიგნი
ეგზემპლარები
ჩამოწერის სტატუსი დაკარგული ეგზემპლარის სტატუსი კლასიფიკაციის წყარო ან თაროზე გაწყობის სქემა დაზიანების სტატუსი არ გაიცემა მუდმივი მდებარეობა (დაცვის ადგილი) ამჟამინდელი ადგილსამყოფელი თაროზე განთავსების ადგილი შეძენის თარიღი ღირებულება, შესყიდვის ნორმალური ფასი სრული შენახვის შიფრი შტრიხკოდი ბოლო ოპერაციის თარიღი ეგზემპლარის მიმდევრობითი ნომერი (კეტერი?) ფასის ძალაში შესვლის თარიღი ეგზემპლარის სახეობა საჯარო შენიშვნა
          ბათუმის შოთა რუსთაველის სახელმწიფო უნივერსიტეტის მთავარი ბიბლიოთეკა ბათუმის შოთა რუსთაველის სახელმწიფო უნივერსიტეტის მთავარი ბიბლიოთეკა წიგნსაცავი 2020-08-25 9.00 321.7 ჰ-37 60917 2020-08-25 60917 2020-08-25 წიგნი 9 ლ.